000
00302nam a2200109Ia 4500
008
230907s9999||||xx |||||||||||||| ||und||
082
_a
6.31
_b
MUE
245
0
_a
Machine learning dummies (in python and r) /
260
_a
For Dummies, A Wiley Brand,
_b
New Delhi :
_c
2016
300
_a
410 p.
942
_c
BK
999
_c
600447
_d
600447